Rozpoznaj polskie zespoły po wokalistach #2 - Statystyki

Ogólne statystyki
  • Ten quiz został rozwiązany 673 razy
  • Średni wynik to 11 z 26
Statystyki odpowiedzi
Artysta Zespół % Poprawnych
Łukasz Golec Golec uOrkiestra
86%
Zenon Martyniuk Akcent
84%
Marcin Miller Boys
79%
Igor Herbut LemON
75%
Paweł Kukiz Piersi
74%
Tomasz "Tomson" Lach Afromental
66%
Dorota Rabczewska Virgin
64%
Tatiana Okupnik Blue Cafe
60%
Adam "Nergal" Darski Behemoth
55%
Piotr Rogucki Coma
46%
Joanna "Ruda" Lazer Red Lips
46%
Paweł Stasiak Papa Dance
42%
Sławomir Świerzyński Bayer Full
39%
Olek Klepacz Formacja Nieżywych Schabuff
32%
Maciej Maleńczuk Homo Twist/Pudelsi
32%
Krzysztof "Grabaż" Grabowski Pidżama Porno
30%
Piotr „Lolek” Sołoducha Enej
29%
Tomasz Szczepanik Pectus
26%
Tomasz "Titus" Pukacki Acid Drinkers
23%
Tadeusz Nalepa Breakout
20%
Robert „Litza” Friedrich Luxtorpeda
19%
Jakub "Quka" Kawalec Happysad
17%
Jacek "Dżej Dżej" Jędrzejak Big Cyc
15%
Adam Nowak Raz, Dwa, Trzy
15%
Kamil Bednarek Star Guard Muffin
10%
Piotr "Gutek" Gutowski Indios Bravos
5%
Nie znaleziono quizów pasujących do podanych kryteriów
Rozkład punktacji
Procent ludzi z każdym wynikiem
Percentyl według liczby udzielonych odpowiedzi
Twoja historia wyników
Nie rozwiązałeś tego quizu